[Event "Unterfranken-ch HB 44th"]
[Site "Rieneck"]
[Date "1993.??.??"]
[Round "6"]
[White "Bergmann, Heribert"]
[Black "Wohlfart, Ulrich"]
[Result "0-1"]
[WhiteElo "1469"]
[BlackElo "1587"]
[PlyCount "116"]
[EventDate "1993.04.12"]
[EventType "swiss"]
[EventRounds "9"]
[EventCountry "GER"]
[SourceTitle "EXT 2015"]
[Source "ChessBase"]
[SourceDate "2014.11.20"]
[SourceVersion "1"]
[SourceVersionDate "2014.11.20"]
[SourceQuality "1"]

1. e4 e5 2. Nf3 Nc6 3. Bc4 Nf6 4. d3 d5 5. exd5 Nxd5 6. 0-0 Bg4 7. Re1 f6 8. d4 Nxd4 9. Qxd4 Bxf3 10. gxf3 c6 11. Nd2 Be7 12. Qe4 Qd7 13. Nf1 0-0-0 14. Ng3 g6 15. Rd1 Rhe8 16. Be3 f5 17. Qd3 f4 18. Bxa7 fxg3 19. fxg3 Qh3 20. Bxd5 Rxd5 21. Qe2 Rxd1+ 22. Rxd1 Qf5 23. Bb6 e4 24. Kh1 Qxf3+ 25. Qxf3 exf3 26. Kg1 Rf8 27. Rd3 Rf5 28. Kf2 Rb5 29. Bd4 Bc5 30. Bxc5 Rxc5 31. c3 b5 32. b4 Rh5 33. h4 h6 34. Rxf3 Rd5 35. Ke2 g5 36. Rd3 Re5+ 37. Re3 Rd5 38. Re6 gxh4 39. gxh4 Rh5 40. Rxc6+ Kb7 41. Rc5 Rxh4 42. Rxb5+ Ka7 43. Kd3 Rh1 44. Kc2 h5 45. Rd5 h4 46. Rh5 h3 47. a4 h2 48. a5 Ra1 49. b5 h1Q 50. Rxh1 Rxh1 51. Kb3 Kb7 52. Kb4 Kc7 53. c4 Kd6 54. a6 Rb1+ 55. Ka5 Kc5 56. Ka4 Kxc4 57. Ka5 Kc5 58. Ka4 Ra1+ 0-1